[Event "ARG-ch Amateur U2000"]
[Site "San Martin"]
[Date "2019.11.17"]
[Round "6.9"]
[White "Rodriguez Landa, Marcelo"]
[Black "D Ascanio, Adolfo"]
[Result "0-1"]
[WhiteElo "1924"]
[BlackElo "1853"]
[PlyCount "50"]
[EventDate "2019.11.15"]
[EventType "swiss"]
[EventRounds "8"]
[EventCountry "ARG"]
[SourceTitle "EXT 2024"]
[Source "ChessBase"]
[SourceDate "2023.10.10"]
[SourceVersion "1"]
[SourceVersionDate "2023.10.10"]
[SourceQuality "1"]

1. d4 Nf6 2. c4 e6 3. Nf3 c5 4. Nc3 cxd4 5. Nxd4 Bb4 6. Bd2 Qb6 7. Nc2 Bxc3 8. Bxc3 Nc6 9. Bxf6 gxf6 10. b3 Qa5+ 11. Qd2 Qxd2+ 12. Kxd2 b6 13. g3 Bb7 14. Bg2 h5 15. h4 0-0-0 16. Kc3 Ne5 17. Bxb7+ Kxb7 18. f4 Ng4 19. Rhf1 d5 20. Rf3 dxc4 21. bxc4 Rhg8 22. Rd3 Nf2 23. Rxd8 Rxd8 24. Rg1 Ne4+ 25. Kb2 Rg8 0-1

[Event "ARG-ch U2000"]
[Site "Tacuari"]
[Date "2018.11.17"]
[Round "4"]
[White "Semprevivo, Florencia"]
[Black "Rodriguez Landa, Marcelo"]
[Result "1-0"]
[WhiteElo "1905"]
[BlackElo "1966"]
[PlyCount "77"]
[EventDate "2018.11.16"]
[EventType "swiss"]
[EventRounds "8"]
[EventCountry "ARG"]
[SourceTitle "EXT 2020"]
[Source "ChessBase"]
[SourceDate "2019.10.17"]
[SourceVersion "1"]
[SourceVersionDate "2019.10.17"]
[SourceQuality "1"]

1. e4 d6 2. d4 Nf6 3. Nc3 g6 4. f4 Bg7 5. Nf3 0-0 6. Be2 Na6 7. 0-0 c5 8. Bxa6 cxd4 9. Nxd4 bxa6 10. Qd3 Qb6 11. Kh1 Nxe4 12. Qxe4 Bb7 13. Nd5 Bxd5 14. Qxd5 Qxd4 15. Qf3 Rab8 16. Qe2 Rfc8 17. c3 Qc4 18. Qf2 Rb7 19. Be3 Rcb8 20. b3 Qxc3 21. Rac1 Qa5 22. Bxa7 Re8 23. Be3 e6 24. Rc6 Rd7 25. Qe2 Qb5 26. Qxb5 axb5 27. Rb6 Bc3 28. Rxb5 d5 29. Rd1 d4 30. Bd2 Rc8 31. Kg1 Bb2 32. a4 Kg7 33. Kf1 Rc2 34. a5 d3 35. b4 Rd4 36. Be3 Rd8 37. Rc5 Bd4 38. Rxc2 dxc2 39. Rxd4 1-0